Normal view
MARC view
Entry Personal Name
001 - CONTROL NUMBER
- control field: 47863
003 - CONTROL NUMBER IDENTIFIER
- control field: dpl
005 - DATE AND TIME OF LATEST TRANSACTION
- control field: 20120525114414.0
008 - FIXED-LENGTH DATA ELEMENTS
- fixed length control field: 120525|||a|||||| | ||| d
040 ## - CATALOGING SOURCE
- Original cataloging agency: dpl
- Transcribing agency: dpl
100 ## - HEADING--PERSONAL NAME
- Personal name: गुप्ता, जयेन्द्र शेखर
670 ## - SOURCE DATA FOUND
- Source citation: Work cat.: (dpl)1372: गुप्ता, जयेन्द्र शेखर, जीव विज्ञान शिक्षण , 2007
670 ## - SOURCE DATA FOUND
- Source citation: Work cat.: (dpl)1372: गुप्ता, जयेन्द्र शेखर, जीव विज्ञान शिक्षण , 2007
